Movies Quiz

Random Movies or Actor Quiz

Actors By Movie 7-to-1: 2000 Quiz Stats

Quiz Updated Apr 6, 2018

Challenge
Share
Tweet
Embed
Score 0/28 Timer 06:00
5 Plays Today
% Correct
Hugh Jackman
96.7%
Cameron Diaz
94.7%
Lucy Liu
93.5%
Russell Crowe
92.6%
Drew Barrymore
92.4%
Tom Hanks
92.2%
Halle Berry
88.7%
Patrick Stewart
88.4%
Ian McKellen
87.8%
Courteney Cox
87.5%
David Arquette
83.2%
Nicolas Cage
81.6%
Neve Campbell
79.9%
Joaquin Phoenix
78.2%
% Correct
Bill Murray
77.7%
Anna Paquin
72.3%
Angelina Jolie
72%
Famke Janssen
70.2%
Jared Leto
67.4%
Jennifer Connelly
65.8%
James Marsden
65.6%
Ellen Burstyn
54.9%
Giovanni Ribisi
54.1%
Crispin Glover
46%
Marlon Wayans
39.1%
Kelly Rutherford
37.5%
Tim Curry
36.9%
Patrick Dempsey
30.9%

You're not logged in!

Compare scores with friends on all Sporcle quizzes.
Sign Up with Email
OR
Log In

You Might Also Like...

Show Comments

Extras

Top Quizzes Today


Score Distribution

Your Account Isn't Verified!

In order to create a playlist on Sporcle, you need to verify the email address you used during registration. Go to your Sporcle Settings to finish the process.

Report this User

Report this user for behavior that violates our Community Guidelines.

Details: